| 000 | 00327nam a2200121Ia 4500 | ||
|---|---|---|---|
| 008 | 150202s9999 xx 000 0 und d | ||
| 050 |
_aFIC _bFIC |
||
| 100 | _aHeller, Joseph. | ||
| 245 |
_aGood as gold / _cJoseph Heller. |
||
| 260 |
_aNew York : _bCorgie Books, _c1979. |
||
| 300 |
_a463 pages : _c18 cm. |
||
| 650 | _aFiction. | ||
| 999 |
_c282110 _d282110 |
||